Periodic Table By Abbreviations - Statistics

General Stats
  • This quiz has been taken 215 times
  • The average score is 74 of 118
Answer Stats
# Abbreviation % Correct
1 H
100%
6 C
98%
5 B
97%
9 F
97%
7 N
95%
16 S
95%
2 He
93%
3 Li
93%
8 O
93%
53 I
92%
19 K
92%
15 P
92%
11 Na
86%
12 Mg
85%
92 U
85%
17 Cl
83%
10 Ne
83%
23 V
83%
18 Ar
81%
4 Be
81%
74 W
81%
29 Cu
80%
39 Y
80%
79 Au
78%
20 Ca
78%
25 Mn
78%
14 Si
78%
22 Ti
78%
27 Co
76%
54 Xe
76%
47 Ag
75%
13 Al
75%
30 Zn
75%
26 Fe
73%
34 Se
73%
35 Br
71%
88 Ra
71%
52 Te
71%
28 Ni
69%
32 Ge
68%
38 Sr
68%
33 As
66%
36 Kr
66%
42 Mo
66%
21 Sc
66%
102 No
64%
73 Ta
64%
56 Ba
63%
24 Cr
63%
31 Ga
63%
82 Pb
61%
55 Cs
59%
87 Fr
59%
44 Ru
59%
40 Zr
59%
58 Ce
58%
114 Fl
58%
80 Hg
58%
57 La
58%
84 Po
58%
59 Pr
58%
37 Rb
58%
75 Re
58%
62 Sm
58%
50 Sn
58%
90 Th
58%
68 Er
56%
67 Ho
56%
49 In
56%
41 Nb
56%
89 Ac
54%
95 Am
54%
85 At
54%
77 Ir
54%
118 Og
54%
46 Pd
54%
83 Bi
53%
96 Cm
53%
72 Hf
53%
101 Md
53%
45 Rh
53%
86 Rn
53%
117 Ts
53%
99 Es
51%
71 Lu
51%
61 Pm
51%
69 Tm
51%
70 Yb
51%
98 Cf
49%
78 Pt
49%
94 Pu
49%
104 Rf
49%
51 Sb
49%
43 Tc
49%
48 Cd
47%
66 Dy
47%
115 Mc
47%
113 Nh
47%
76 Os
47%
81 Tl
47%
97 Bk
46%
63 Eu
46%
60 Nd
46%
93 Np
46%
91 Pa
46%
111 Rg
46%
110 Ds
44%
103 Lr
44%
116 Lv
44%
105 Db
42%
64 Gd
42%
112 Cn
41%
108 Hs
41%
109 Mt
39%
106 Sg
39%
65 Tb
39%
107 Bh
37%
100 Fm
37%
No matching quizzes found
Score Distribution
Percent of People with Each Score
Percentile by Number Answered
Your Score History
You have not taken this quiz